header

Musici scriptores Graeci (Record no. 105882)

MARC details
000 -LEADER
fixed length control field 01250nam a2200313 a 4500
100 1# - MAIN ENTRY--AUTHOR NAME
Personal name Jan, Carl.
245 10 - TITLE STATEMENT
Title Musici scriptores Graeci
250 ## - EDITION STATEMENT
Edition statement Editio stereotypa editionis primae [1899].
260 ## - PUBLICATION, DISTRIBUTION, ETC. (IMPRINT)
Place of publication Stuttgart :
Name of publisher Teubner,
Year of publication 1995.
300 ## - PHYSICAL DESCRIPTION
Number of Pages 61 p.
650 #0 - SUBJECT ADDED ENTRY--TOPICAL TERM
Topical Term Music, Greek and Roman.
Topical Term Music theory
856 40 - ELECTRONIC LOCATION AND ACCESS
Uniform Resource Identifier http://site.ebrary.com/lib/rucke/Doc?id=10591199

No items available.

© 2026 Rongo University
Contact us: librarian | system librarian | Rongo university